| Tag |
First Indicator |
Second Indicator |
Subfields |
| LEADER |
00000cam a2200000 4500 |
| 001 |
in00000099554 |
| 005 |
20150926125626.0 |
| 008 |
690325s1968 nyuahc b 00110beng |
| 010 |
|
|
|a 68008044
|
| 020 |
|
|
|a 048622290X
|c 2.95
|
| 035 |
|
|
|a (OCoLC)00000511
|
| 035 |
|
|
|9 AAL3975AM
|
| 040 |
|
|
|a DLC
|c DLC
|d TXA
|d UtOrBLW
|
| 049 |
|
|
|a TXAM
|c [433113]
|
| 050 |
0 |
0 |
|a TR140.D3
|b G47 1968
|
| 082 |
0 |
|
|a 770/.924
|a B
|
| 100 |
1 |
|
|a Gernsheim, Helmut,
|d 1913-1995.
|
| 245 |
1 |
0 |
|a L. J. M. Daguerre ;
|b the history of the diorama and the daguerreotype /
|c by Helmut and Alison Gernsheim.
|
| 264 |
|
1 |
|a New York :
|b Dover Publications,
|c [1968]
|
| 300 |
|
|
|a xxii, 226 pages :
|b illustrations, facsimiles, portraits ;
|c 24 cm.
|
| 336 |
|
|
|a text
|b txt
|2 rdacontent
|
| 337 |
|
|
|a unmediated
|b n
|2 rdamedia
|
| 338 |
|
|
|a volume
|b nc
|2 rdacarrier
|
| 500 |
|
|
|a "An unabridged and revised republication of the work originally published ... in 1956 [under title: L. J. M. Daguerre (1787-1851), the world's first photographer] A new preface has been written by the authors for this edition."
|
| 504 |
|
|
|a Includes bibliographical references.
|
| 600 |
1 |
0 |
|a Daguerre, Louis Jacques Mandé,
|d 1787-1851.
|
| 700 |
1 |
|
|a Gernsheim, Alison.
|
| 999 |
|
|
|a MARS
|
| 999 |
f |
f |
|s 8a2c67ca-44c0-3cec-a7ab-9e99c317e849
|i 6f4900ce-3a32-3719-a4ca-4ab0bcfcb195
|t 0
|
| 952 |
f |
f |
|p normal
|a Texas A&M University
|b College Station
|c Sterling C. Evans Library
|d Evans: Library Stacks
|t 0
|e TR140.D3 G47 1968
|h Library of Congress classification
|i unmediated -- volume
|m A14805622561
|
| 998 |
f |
f |
|a TR140.D3 G47 1968
|t 0
|l Evans: Library Stacks
|